<?xml version="1.0" encoding="UTF-8"?>
<collection xmlns="http://www.loc.gov/MARC21/slim">
 <record>
  <leader>01538nam a2200217Ia 4500</leader>
  <controlfield tag="001">CTU_238449</controlfield>
  <controlfield tag="008">210402s9999    xx            000 0 und d</controlfield>
  <datafield tag="082" ind1=" " ind2=" ">
   <subfield code="a">571.4</subfield>
  </datafield>
  <datafield tag="082" ind1=" " ind2=" ">
   <subfield code="b">T311</subfield>
  </datafield>
  <datafield tag="100" ind1=" " ind2=" ">
   <subfield code="a">Dương, Quốc Chánh Tín</subfield>
  </datafield>
  <datafield tag="245" ind1=" " ind2="0">
   <subfield code="a">Bài giảng vật lý cho sinh học =</subfield>
  </datafield>
  <datafield tag="245" ind1=" " ind2="0">
   <subfield code="b">Biophysics</subfield>
  </datafield>
  <datafield tag="245" ind1=" " ind2="0">
   <subfield code="c">Dương Quốc Chánh Tín, Trần Thị Kiểm Thu</subfield>
  </datafield>
  <datafield tag="260" ind1=" " ind2=" ">
   <subfield code="a">Cần Thơ</subfield>
  </datafield>
  <datafield tag="520" ind1=" " ind2=" ">
   <subfield code="a">Nhiệt độ là một đại lượng vật lý được đưa ra để đặt trưng cho trạng thái nóng, lạnh của đối tượng một cách khách quan, không còn phụ thuộc vào cảm giác chủ quan nữa. Cảm giác nóng lạnh cho chúng ta biết một vật nào đó có nhiệt độ cao hơn hay thấp hơn so với nhiệt độ của bộ phận tiếp xúc, nó phụ thuộc vào độ chênh lệch nhiệt độ và độ dẫn nhiệt của vật. Ví dụ: tất cả các vật trong môi trường tự nhiên có nhiệt độ giống nhau (bằng nhiệt độ môi trường), nhưng nếu ta tiếp xúc với kim loại thì cảm giác nóng lạnh sẽ khác so với tiếp xúc với gỗ…</subfield>
  </datafield>
  <datafield tag="526" ind1=" " ind2=" ">
   <subfield code="a">Vật lý cho Sinh học</subfield>
  </datafield>
  <datafield tag="526" ind1=" " ind2=" ">
   <subfield code="b">SG189</subfield>
  </datafield>
  <datafield tag="650" ind1=" " ind2=" ">
   <subfield code="a">Lý sinh,Biophysics</subfield>
  </datafield>
  <datafield tag="910" ind1=" " ind2=" ">
   <subfield code="b">tvtrong</subfield>
  </datafield>
  <datafield tag="910" ind1=" " ind2=" ">
   <subfield code="c">tvtrong,tvtrong</subfield>
  </datafield>
  <datafield tag="980" ind1=" " ind2=" ">
   <subfield code="a">Trung tâm Học liệu Trường Đại học Cần Thơ</subfield>
  </datafield>
 </record>
</collection>
